[Event "Madrid-ch"]
[Site "Madrid"]
[Date "2011.02.24"]
[Round "3"]
[White "Candela Perez, Jose"]
[Black "Ramos Aldoradin, John Paul"]
[Result "1-0"]
[WhiteElo "2399"]
[BlackElo "2125"]
[PlyCount "45"]
[EventDate "2011.02.22"]
[EventType "tourn"]
[EventRounds "11"]
[EventCountry "ESP"]
[EventCategory "1"]
[SourceTitle "CBM 141 Extra"]
[Source "ChessBase"]
[SourceDate "2011.05.03"]
[SourceVersion "1"]
[SourceVersionDate "2011.05.03"]
[SourceQuality "1"]

1. d4 Nf6 2. Nf3 g6 3. g3 Bg7 4. Bg2 0-0 5. 0-0 d5 6. c4 e6 7. Qc2 Nbd7 8. Bf4 c6 9. Nbd2 Nh5 10. Bd6 Re8 11. e4 dxe4 12. Nxe4 Nhf6 13. Ned2 Bf8 14. Bxf8 Kxf8 15. c5 e5 16. Nc4 exd4 17. Nd6 Re7 18. Rfe1 Nd5 19. Rxe7 Nxe7 20. Qc4 Nd5 21. Re1 N7f6 22. Qxd4 h6 23. Ne5 1-0

[Event "Madrid-ch"]
[Site "Madrid"]
[Date "2011.02.23"]
[Round "2"]
[White "Ramos Aldoradin, John Paul"]
[Black "Gemy Vargas, Jose Daniel"]
[Result "1/2-1/2"]
[WhiteElo "2125"]
[BlackElo "2301"]
[PlyCount "129"]
[EventDate "2011.02.22"]
[EventType "tourn"]
[EventRounds "11"]
[EventCountry "ESP"]
[EventCategory "1"]
[SourceTitle "CBM 141 Extra"]
[Source "ChessBase"]
[SourceDate "2011.05.03"]
[SourceVersion "1"]
[SourceVersionDate "2011.05.03"]
[SourceQuality "1"]

1. e4 c5 2. Nf3 Nf6 3. e5 Nd5 4. Nc3 Nxc3 5. dxc3 Nc6 6. Bc4 e6 7. Qe2 Qc7 8. 0-0 b6 9. Bg5 Bb7 10. Bh4 h6 11. Rad1 g5 12. Bg3 Bg7 13. Rfe1 0-0-0 14. Ba6 Ne7 15. a4 Bxa6 16. Qxa6+ Qb7 17. Qc4 Kb8 18. a5 Nd5 19. axb6 axb6 20. Qe4 Qc6 21. Nd2 h5 22. f3 Bf8 23. Ra1 Be7 24. Qc4 Nc7 25. Ne4 h4 26. Bf2 Kb7 27. Red1 Qb5 28. Qxb5 Nxb5 29. c4 Na7 30. Be3 Rhg8 31. Bd2 Nc6 32. Bc3 g4 33. f4 g3 34. hxg3 hxg3 35. Rd3 Rg4 36. Rf1 Kc7 37. Rxg3 Rh4 38. Rg7 Rf8 39. Be1 Rh6 40. c3 Na5 41. Nd2 Nc6 42. Bg3 Rg6 43. Rxg6 fxg6 44. Re1 g5 45. fxg5 Bxg5 46. Nf3 Bh6 47. Kf2 Na5 48. Re4 Nb3 49. Bh4 Bc1 50. Re2 Nd2 51. Bf6 Nxc4 52. b3 Na5 53. b4 Nc4 54. bxc5 bxc5 55. Be7 Rf7 56. Bxc5 Kc6 57. Bd4 Kd5 58. Kg3 Rg7+ 59. Kh4 Bf4 60. Kh5 Rg3 61. Bg1 Rg8 62. Bd4 Rg3 63. Bg1 Rg8 64. Bd4 Rg3 65. Bg1 1/2-1/2

[Event "Madrid Oliver Gonzalez Memorial 1st"]
[Site "Madrid"]
[Date "2010.10.16"]
[Round "8"]
[White "Ramos Aldoradin, John Paul"]
[Black "Pablos Tenrero, Raquel"]
[Result "1-0"]
[WhiteElo "2126"]
[BlackElo "1884"]
[PlyCount "67"]
[EventDate "2010.10.09"]
[EventType "swiss"]
[EventRounds "9"]
[EventCountry "ESP"]
[SourceTitle "CBM 138 Extra"]
[Source "ChessBase"]
[SourceDate "2010.10.29"]
[SourceVersion "1"]
[SourceVersionDate "2010.10.29"]
[SourceQuality "1"]

1. e4 e5 2. Nf3 Nc6 3. Bc4 Bc5 4. c3 Nf6 5. d3 d6 6. Bb3 a6 7. 0-0 0-0 8. Be3 Ba7 9. Nbd2 Be6 10. Re1 Re8 11. Bxe6 fxe6 12. Bxa7 Rxa7 13. Qb3 Qd7 14. a4 b6 15. d4 exd4 16. cxd4 d5 17. Rad1 Raa8 18. Ne5 Nxe5 19. dxe5 Nh5 20. g3 g6 21. f4 Qf7 22. exd5 exd5 23. Nf3 Rad8 24. Ng5 Qd7 25. Rd2 h6 26. Ne4 Kh8 27. Red1 Qg4 28. Nf2 Qe6 29. Rxd5 Rxd5 30. Qxd5 Ng7 31. Ne4 Qxd5 32. Rxd5 Ne6 33. Rd7 Rc8 34. Nf6 1-0

[Event "Parla op 25th"]
[Site "Parla"]
[Date "2010.09.10"]
[Round "7"]
[White "Rodriguez Lopez, Rafael"]
[Black "Ramos Aldoradin, John Paul"]
[Result "0-1"]
[WhiteElo "2314"]
[BlackElo "2126"]
[PlyCount "66"]
[EventDate "2010.09.04"]
[EventType "swiss"]
[EventRounds "9"]
[EventCountry "ESP"]
[SourceTitle "CBM 138 Extra"]
[Source "ChessBase"]
[SourceDate "2010.10.29"]
[SourceVersion "1"]
[SourceVersionDate "2010.10.29"]
[SourceQuality "1"]

1. e4 e6 2. d4 d5 3. Nc3 Nf6 4. e5 Nfd7 5. f4 c5 6. Nf3 Nc6 7. Be3 cxd4 8. Nxd4 Bc5 9. Qd2 0-0 10. 0-0-0 a6 11. Nb3 Be7 12. Bd3 b5 13. Kb1 Nb6 14. Qf2 Nc4 15. Bc5 Qc7 16. Bxe7 Qxe7 17. Rhe1 Rb8 18. Qg3 Rd8 19. Qh3 g6 20. g4 a5 21. a3 a4 22. Nd2 Nxd2+ 23. Rxd2 b4 24. Nb5 bxa3 25. f5 Ba6 26. f6 Qf8 27. Nd6 Rxb2+ 28. Ka1 Bxd3 29. Rxd3 Nxe5 30. Rxe5 Rxd6 31. Rh5 Rdb6 32. Rb3 R6xb3 33. cxb3 Qc5 0-1

[Event "Madrid San Viator op 14th"]
[Site "Madrid"]
[Date "2010.04.11"]
[Round "2"]
[White "Ramos Aldoradin, John Paul"]
[Black "Lucas Garcia, Pedro"]
[Result "1-0"]
[WhiteElo "2111"]
[BlackElo "1905"]
[PlyCount "109"]
[EventDate "2010.03.28"]
[EventType "swiss"]
[EventRounds "9"]
[EventCountry "ESP"]
[SourceTitle "EXT 2011"]
[Source "ChessBase"]
[SourceDate "2010.11.26"]
[SourceVersion "1"]
[SourceVersionDate "2010.11.26"]
[SourceQuality "1"]

1. e4 c5 2. Nf3 e6 3. c3 d5 4. exd5 exd5 5. d4 Nf6 6. Be2 Nc6 7. 0-0 cxd4 8. Nxd4 Be7 9. Bf4 a6 10. a4 0-0 11. b4 Ne4 12. f3 Nxd4 13. Qxd4 Bf6 14. Qd3 Ng5 15. Rd1 Ne6 16. Be3 Qc7 17. Qxd5 Nf4 18. Qc4 Nxe2+ 19. Qxe2 Be5 20. g3 Bf5 21. Bd4 Rfe8 22. Qf2 Rad8 23. Ra2 Bxd4 24. cxd4 Qb6 25. Rb2 Bxb1 26. Rbxb1 Rd6 27. Rb2 Red8 28. a5 Qb5 29. Qe3 Re6 30. Qd3 Re1+ 31. Kf2 Rxd1 32. Qxd1 Qc4 33. Rc2 Qxb4 34. Qd2 Qxd2+ 35. Rxd2 Rd5 36. Rb2 Rxa5 37. Rxb7 g6 38. Ke3 Kg7 39. g4 Kf6 40. Ke4 Ra1 41. h4 Re1+ 42. Kf4 Re6 43. g5+ Kg7 44. d5 Re1 45. d6 Rd1 46. Ke5 Kf8 47. Rb8+ Kg7 48. Ra8 Re1+ 49. Kd5 Rd1+ 50. Kc6 Rc1+ 51. Kb7 Rd1 52. Kc7 Rc1+ 53. Kd8 Rc6 54. Ke7 Rb6 55. d7 1-0

[Event "Madrid Villaverde op 11th"]
[Site "Madrid"]
[Date "2009.06.30"]
[Round "2"]
[White "Ramos Aldoradin, John Paul"]
[Black "Caballero Gallego, Luis"]
[Result "1/2-1/2"]
[WhiteElo "2121"]
[BlackElo "1923"]
[PlyCount "89"]
[EventDate "2009.06.29"]
[EventType "swiss"]
[EventRounds "9"]
[EventCountry "ESP"]
[SourceTitle "EXT 2010"]
[Source "ChessBase"]
[SourceDate "2010.11.25"]
[SourceVersion "1"]
[SourceVersionDate "2010.11.25"]
[SourceQuality "1"]

1. e4 c5 2. Nf3 d6 3. Bb5+ Bd7 4. Bxd7+ Qxd7 5. c4 g6 6. 0-0 Bg7 7. d4 cxd4 8. Nxd4 Nc6 9. Be3 Nf6 10. f3 0-0 11. Nc3 a6 12. a4 Qc7 13. Nde2 Rfd8 14. Qb3 Ne5 15. Bb6 Qxc4 16. Qxc4 Nxc4 17. Bxd8 Rxd8 18. b4 Nd7 19. f4 Ne3 20. Rfc1 Nb6 21. Ra2 d5 22. exd5 Nbxd5 23. Rd2 e6 24. Nxd5 Nxd5 25. g3 Bf8 26. b5 Nxf4 27. Rxd8 Nxe2+ 28. Kf1 Nxc1 29. bxa6 bxa6 30. Ra8 Nb3 31. Rxa6 Kg7 32. Rb6 Nd2+ 33. Ke2 Nc4 34. Rb5 f5 35. a5 Nxa5 36. Rxa5 Bb4 37. Ra7+ Kh6 38. Rb7 Bc3 39. Kd3 Bg7 40. Re7 e5 41. Ke3 e4 42. h3 Bb2 43. h4 Bc3 44. Kf2 Bd4+ 45. Kg2 1/2-1/2

[Event "Parla op 22nd"]
[Site "Parla"]
[Date "2007.09.02"]
[Round "2"]
[White "Korneev, Oleg"]
[Black "Ramos Aldoradin, John Paul"]
[Result "1-0"]
[WhiteElo "2565"]
[BlackElo "2129"]
[PlyCount "83"]
[EventDate "2007.09.01"]
[EventType "swiss"]
[EventRounds "9"]
[EventCountry "ESP"]
[SourceTitle "CBM 120 Extra"]
[Source "ChessBase"]
[SourceDate "2007.11.01"]
[SourceVersion "1"]
[SourceVersionDate "2007.11.01"]
[SourceQuality "1"]

1. e4 c6 2. d4 d5 3. e5 c5 4. c4 cxd4 5. Qxd4 Nc6 6. Qxd5 Qxd5 7. cxd5 Nxe5 8. Bf4 Ng6 9. Bg3 e6 10. Bb5+ Bd7 11. Bxd7+ Kxd7 12. dxe6+ Kxe6 13. Nc3 Rd8 14. Nf3 Bb4 15. 0-0 Bxc3 16. bxc3 f6 17. Nd4+ Kf7 18. Nb5 Ne5 19. Nxa7 Ne7 20. Nb5 N7c6 21. Rfd1 Ke7 22. Nd4 g6 23. Rab1 Rd7 24. Nxc6+ bxc6 25. Rxd7+ Kxd7 26. Bxe5 fxe5 27. a4 Kd6 28. Kf1 Kd5 29. Ra1 Ra8 30. Ke2 Ra5 31. Kd3 e4+ 32. Ke3 c5 33. Ra3 c4 34. h4 Ke5 35. Ra1 h6 36. Ra2 g5 37. hxg5 hxg5 38. Ra1 Kd5 39. g4 Ke5 40. Rb1 Rxa4 41. Rb5+ Kf6 42. Kxe4 1-0

[Event "Collado Villalba op 24th"]
[Site "Collado Villalba"]
[Date "2007.08.25"]
[Round "3"]
[White "De Nacimiento Montano, Angel"]
[Black "Ramos Aldoradin, John Paul"]
[Result "1-0"]
[WhiteElo "1999"]
[BlackElo "2129"]
[PlyCount "47"]
[EventDate "2007.08.23"]
[EventType "swiss"]
[EventRounds "9"]
[EventCountry "ESP"]
[SourceTitle "EXT 2008"]
[Source "ChessBase"]
[SourceDate "2007.11.25"]
[SourceVersion "1"]
[SourceVersionDate "2007.11.25"]
[SourceQuality "1"]

1. e4 c5 2. Nf3 d6 3. d4 cxd4 4. Nxd4 Nf6 5. Nc3 a6 6. Be2 Nc6 7. Be3 Bd7 8. 0-0 e6 9. Kh1 Nxd4 10. Qxd4 Bc6 11. f4 Qc7 12. Bf3 Rc8 13. Rad1 h5 14. e5 dxe5 15. Bxc6+ Qxc6 16. fxe5 Ng4 17. Qf4 Nh6 18. Ne4 Nf5 19. Ng3 Nxg3+ 20. Qxg3 h4 21. Qf2 Rc7 22. Bg5 Rd7 23. Qxf7+ Rxf7 24. Rd8# 1-0

[Event "San Fernando op"]
[Site "San Fernando"]
[Date "2005.06.23"]
[Round "6"]
[White "Roa Alonso, Santiago"]
[Black "Ramos Aldoradin, John Paul"]
[Result "1-0"]
[WhiteElo "2367"]
[BlackElo "2047"]
[PlyCount "41"]
[EventDate "2005.06.18"]
[EventType "swiss"]
[EventRounds "6"]
[EventCountry "ESP"]
[SourceTitle "EXT 2006"]
[Source "ChessBase"]
[SourceDate "2005.11.24"]
[SourceVersion "1"]
[SourceVersionDate "2005.11.24"]
[SourceQuality "1"]

1. d4 e6 2. e4 a6 3. Nf3 b5 4. Bd3 Bb7 5. 0-0 Be7 6. Re1 d6 7. c3 g5 8. a4 bxa4 9. Na3 h5 10. Nc4 g4 11. Nfd2 Nh6 12. Rxa4 Bc6 13. Ra5 h4 14. Rh5 Bf6 15. Nf1 Bg7 16. Bg5 f6 17. Bxh6 Rxh6 18. Qxg4 Rxh5 19. Qxh5+ Ke7 20. d5 Be8 21. Qg4 1-0

[Event "San Fernando op"]
[Site "San Fernando"]
[Date "2005.06.21"]
[Round "4"]
[White "Barahona Torrijos, Angel"]
[Black "Ramos Aldoradin, John Paul"]
[Result "0-1"]
[WhiteElo "2025"]
[BlackElo "2047"]
[PlyCount "60"]
[EventDate "2005.06.18"]
[EventType "swiss"]
[EventRounds "6"]
[EventCountry "ESP"]
[SourceTitle "EXT 2006"]
[Source "ChessBase"]
[SourceDate "2005.11.24"]
[SourceVersion "1"]
[SourceVersionDate "2005.11.24"]
[SourceQuality "1"]

1. e4 c5 2. a3 e6 3. b4 Qf6 4. c3 Qg6 5. d3 b6 6. Nd2 Bb7 7. bxc5 Bxc5 8. d4 Be7 9. Ngf3 d6 10. Bb5+ Kf8 11. Qe2 Qxg2 12. Rg1 Qh3 13. a4 a6 14. Bd3 Nd7 15. Ba3 Ngf6 16. Rg3 Qh6 17. Nc4 Nh5 18. Rg4 Nf4 19. Qd2 Nxd3+ 20. Qxd3 d5 21. Bxe7+ Kxe7 22. exd5 Bxd5 23. Nce5 Nxe5 24. Nxe5 b5 25. Qg3 g6 26. c4 bxc4 27. Nxc4 Bxc4 28. Qc7+ Kf8 29. Rf4 e5 30. Qxe5 Re8 0-1